| 000 | 02038nam a2200325 i 4500 | ||
|---|---|---|---|
| 003 | OSt | ||
| 005 | 20230105151320.0 | ||
| 008 | 230105t20212021nyu gr 000 1 eng d | ||
| 020 |
_a9780593099124 _cRM 46.95 _qpaperback |
||
| 040 |
_aPPAK _beng _cPPAK _erda |
||
| 082 | 0 | 4 |
_223 _a823.92 |
| 090 | 0 | 0 |
_a823.92 _bSIN _dG |
| 100 | 1 |
_aSingh, Nalini, _d1977- _eauthor. |
|
| 245 | 1 | 0 |
_aQUIET IN HER BONES / _cNALINI SINGH. |
| 264 | 1 |
_aNew York : _bJove, _c2021 |
|
| 264 | 4 | _c©2021 | |
| 300 |
_a483 pages ; _c19 cm. |
||
| 336 |
_atext _2rdacontent |
||
| 337 |
_aunmediated _2rdamedia |
||
| 338 |
_avolume _2rdacarrier |
||
| 500 | _a"Nervy and unsettling." - The New York Times Book Review | ||
| 520 |
_a"In this gripping thriller set in New Zealand, New York Times bestselling author Nalini Singh takes you into the twisted world of an exclusive cul-de-sac located on the edge of a sprawling forest. My mother vanished ten years ago. So did a quarter of a million dollars in cash. Thief. Bitch. Criminal. Now, she's back. Her bones clothed in scarlet silk. When socialite Nina Rai disappeared without a trace, everyone wrote it off as another trophy wife tired of her wealthy husband. But now her bones have turned up in the shadowed green of the forest that surrounds her elite neighborhood, a haven of privilege and secrets that's housed the same influential families for decades. The rich live here, along with those whose job it is to make their lives easier. And somebody knows what happened to Nina one rainy night ten years ago. Her son, Aarav, heard a chilling scream that night, and he's determined to uncover the ugly truth that lives beneath the moneyed elegance...but no one is ready for the murderous secrets about to crawl out of the dark. Even the dead aren't allowed to break the rules in this cul-de-sac" _cProvided by publisher |
||
| 650 | 1 | 0 | _aMissing persons |
| 650 | 2 | 0 | _aRich people |
| 650 | 2 | 0 | _aMurder |
| 650 | 2 | 0 | _aNew Zealand |
| 650 | 2 | 0 | _aSecrecy |
| 650 | 2 | 0 |
_aMurder _xInvestigation |
| 942 |
_2ddc _cB |
||
| 999 |
_c191011 _d191011 |
||